| 000 | 00846nam a22003017a 4500 | ||
|---|---|---|---|
| 001 | BR2018000191 | ||
| 003 | BR-BrBNA | ||
| 005 | 20230928105226.0 | ||
| 007 | ta | ||
| 008 | 230509b bl.||||| |||| 00| 0 por d | ||
| 040 |
_aBR-BrBNA _bpor _cBiblioteca Nacional de Agricultura |
||
| 041 | _a(Por) | ||
| 072 |
_aF01 _b2790 _b2390 |
||
| 090 | _ 2790 BR2018000191 | ||
| 100 | 1 | _aCorrêa Júnior, C. | |
| 100 | 1 | _aMing, L.C. | |
| 100 | 1 | _aScheffer, M.C. | |
| 245 | 1 | _aCultivo de plantas medicinais, condimentares e aromáticas | |
| 260 | 3 |
_aJaboticabal, SP (Brasil): _c1994. |
|
| 300 | _a151 p. | ||
| 500 | _aBibliography p. 145-151; 63 illus. | ||
| 650 | _aPLANTA MEDICINAL | ||
| 650 | _aPLANTA AROMÁTICA | ||
| 650 | _aPLANTA PARA CONDIMENTO | ||
| 650 | _aPRÁTICA CULTURAL | ||
| 909 |
_a202309 _bLucia _c55 _dLucia Elande |
||
| 942 | _cBK | ||
| 999 |
_c84137 _d84137 |
||